000 00647cam a2200229 4500500
005 20260405003204.0
041 _afre
042 _adc
100 1 0 _aN’Diaye, Aïda
_eauthor
245 0 0 _aDu libéralisme autoritaire
260 _c2020.
500 _a77
690 _aCarl Schmitt
690 _aDroit
690 _aÉtat
690 _aHermann Heller
690 _aLibéralisme
690 _aNazisme
690 _aTotalitarisme
786 0 _nPhilosophie magazine | 145 | 1 | 2020-12-01 | p. 83-83 | 1951-1787
856 4 1 _uhttps://shs.cairn.info/magazine-philosophie-magazine-2020-12-1-page-83?lang=fr&redirect-ssocas=7080
999 _c2065164
_d2065164